<?xml version="1.0" encoding="UTF-8"?>
<collection xmlns="http://www.loc.gov/MARC21/slim">
  <record>
    <leader>00000nam  2200000   4500</leader>
    <controlfield tag="001">INLIS000000000020703</controlfield>
    <controlfield tag="005">20250730032026</controlfield>
    <datafield tag="035" ind1="#" ind2="#">
      <subfield code="a">0010-0725000233</subfield>
    </datafield>
    <controlfield tag="007">ta</controlfield>
    <controlfield tag="008">250730################|##########|#|##</controlfield>
    <datafield tag="084" ind1="#" ind2="#">
      <subfield code="a">R 0006 PKP 2024</subfield>
    </datafield>
    <datafield tag="100" ind1=" " ind2="#">
      <subfield code="a">Nurul Huda Shufi Prabowo</subfield>
    </datafield>
    <datafield tag="245" ind1="1" ind2="#">
      <subfield code="a">Pelembagaan Desa Siapsiaga Dalam Pencegahan Terorisme /</subfield>
      <subfield code="c">Nurul Huda Shufi Prabowo</subfield>
    </datafield>
    <datafield tag="260" ind1="#" ind2="#">
      <subfield code="a">Jakarta :</subfield>
      <subfield code="b">Pusbangkom Pimnas dan Manajerial ASN,</subfield>
      <subfield code="c">2024</subfield>
    </datafield>
    <datafield tag="300" ind1="#" ind2="#">
      <subfield code="a">32 hlm. ;</subfield>
      <subfield code="c">30 cm</subfield>
    </datafield>
    <datafield tag="650" ind1="#" ind2="4">
      <subfield code="a">Pencegahan Teroris</subfield>
    </datafield>
    <datafield tag="520" ind1="#" ind2="#">
      <subfield code="a">Fokus utama aksi ini adalah memperkuat program desa siapsiaga sebagai langkah strategis pencegahan terorisme di Indonesia. Program Desa Siapsiaga dirancang untuk meningkatkan peran dan kapasitas desa dalam mendeteksi serta mencegah ancaman terorisme melalui pendekatan partisipatif dan berbasis kearifan lokal. Aksi perubahan berfokus pada penyusunan peraturan BNPT tentang Pedoman Pembentukan dan Pengembangan Program Desa Siapsiaga, serta modul Pembentukan Desa Siapsiaga.</subfield>
    </datafield>
    <datafield tag="990" ind1="#" ind2="#">
      <subfield code="a">2024/1.2.4/A/0006</subfield>
    </datafield>
  </record>
</collection>
